Online
Catalog

El arte de la cocina / (Record no. 20752)

MARC details
000 -CABECERA
campo de control de longitud fija 00647nam a2200205 a 4500
001 - NÚMERO DE CONTROL
campo de control 000021252
005 - FECHA Y HORA DE LA ÚLTIMA TRANSACCIÓN
campo de control 20240516194749.0
008 - DATOS DE LONGITUD FIJA--INFORMACIÓN GENERAL
campo de control de longitud fija 100902s1998 ve a r 000 | spa d
020 ## - NÚMERO INTERNACIONAL ESTÁNDAR DEL LIBRO
Número Internacional Estándar del Libro 9800110704
040 ## - FUENTE DE LA CATALOGACIÓN
Centro catalogador/agencia de origen DO-SdBNP
Lengua de catalogación spa
Centro/agencia transcriptor BNPHU
082 ## - NÚMERO DE LA CLASIFICACIÓN DECIMAL DEWEY
Número de clasificación 641.5
Número de documento/Ítem C755a
049 ## - FONDOS LOCALES (OCLC)
Fondos de biblioteca BNGR
100 1# - ENTRADA PRINCIPAL--NOMBRE DE PERSONA
Nombre de persona Consalvi, Astrid
9 (RLIN) 44420
245 13 - MENCIÓN DE TÍTULO
Título El arte de la cocina /
Mención de responsabilidad, etc. Astrid Consalvi; prólogo, Elizabeth Haslam.
260 ## - PUBLICACIÓN, DISTRIBUCIÓN, ETC.
Lugar de publicación, distribución, etc. Caracas :
Nombre del editor, distribuidor, etc. Monte Ávila Editores Latinoamericana ,
Fecha de publicación, distribución, etc. 1998.
300 ## - DESCRIPCIÓN FÍSICA
Extensión xiv, 295 p. :
Otras características físicas il. ;
Dimensiones 20 cm.
650 #0 - PUNTO DE ACCESO ADICIONAL DE MATERIA--TÉRMINO DE MATERIA
Término de materia o nombre geográfico como elemento de entrada Cocina
9 (RLIN) 360
650 #4 - PUNTO DE ACCESO ADICIONAL DE MATERIA--TÉRMINO DE MATERIA
Término de materia o nombre geográfico como elemento de entrada Alimentos silvestres (cocina)
9 (RLIN) 44421
700 1# - PUNTO DE ACCESO ADICIONAL--NOMBRE DE PERSONA
Nombre de persona Haslam, Elizabeth
Término indicativo de función/relación pról.
9 (RLIN) 44422
Holdings
Estado de retiro Estado de pérdida Restricciones de uso No para préstamo Código de colección Localización permanente Ubicación/localización actual Ubicación en estantería Fecha de adquisición Número de inventario Total de préstamos Signatura topográfica completa Código de barras Fecha visto por última vez Precio válido a partir de Tipo de ítem Koha Número de copia
      Excluido de préstamo Monografías: Libros y Folletos General General En catalogación 02.09.2010 LF1   641.5 C755a 21252-10 25.06.2020 25.06.2020 No se presta  
      Excluido de préstamo Monografías: Libros y Folletos General General En catalogación 02.09.2010 LF1   641.5 C755a 21252-20 25.06.2020 25.06.2020 No se presta e.2

Powered by Koha